Normal view
MARC view
- HAMMITT, JAMES H , PRAGUE, CARY N
Entry Personal Name
001 - CONTROL NUMBER
- control field: 65336
003 - CONTROL NUMBER IDENTIFIER
- control field: NUST
005 - DATE AND TIME OF LATEST TRANSACTION
- control field: 20210628203424.0
008 - FIXED-LENGTH DATA ELEMENTS
- fixed length control field: 210628|| aca||aabn | a|a d
040 ## - CATALOGING SOURCE
- Original cataloging agency: NUST
- Transcribing agency: NUST
100 ## - HEADING--PERSONAL NAME
- Personal name: HAMMITT, JAMES H , PRAGUE, CARY N
670 ## - SOURCE DATA FOUND
- Source citation: Work cat.: (NUST): HAMMITT, JAMES H , PRAGUE, CARY N, DBASE III PLUS ,PROGRAMMING REFERENCE A SOURCE BOOK OF PROGRAMMING TECHNIQUES, 1986
